000
00291 a2200145 4500
001
167372
020
_a
040
_c
Magnum
100
_a
Demo, Pedro
240
1
0
_a
Pobreza politica
_l
por
245
1
0
_a
Pobreza politica
362
0
_a
1899
697
_a
ORGANIZACAO SOCIAL
942
_c
BK
999
_c
167372
_d
167372